Famous Movies by Picture #3 - Statistics

General Stats
  • This quiz has been taken 348 times
  • The average score is 13 of 16
Answer Stats
Picture Answer % Correct
Forrest Gump
98%
Home Alone
98%
Barbie
95%
Back to the Future
92%
La La Land
90%
The Fast and the Furious
90%
Ghostbusters
88%
Oppenheimer
88%
Coco
86%
Charlie and the Chocolate Factory
85%
Soul
77%
Zoolander
72%
Hook
71%
The Avengers
66%
Clueless
59%
Napoleon Dynamite
56%
No matching quizzes found
Score Distribution
Percent of People with Each Score
Percentile by Number Answered
Your Score History
You have not taken this quiz